| 000 | 00736nam a2200241 i 4500 | ||
|---|---|---|---|
| 001 | 181910 | ||
| 003 | ES-MaACL | ||
| 005 | 20231019171646.0 | ||
| 008 | 130506s2008 sp | |||||||| | cat d | ||
| 020 | _a978-84-96393-33-2 | ||
| 080 | _a821.134.1-14"19" | ||
| 100 | 1 |
_aPlaza, Carmen. _9145185 |
|
| 245 | 1 | 0 |
_aEscola elemental : _bpoesia / _cCarmen Plaza. |
| 250 | _a1ª ed. | ||
| 260 |
_aBarcelona : _bComte d'Aure, _c2008. |
||
| 300 |
_a63 p. ; _c21 cm. |
||
| 490 | 1 |
_aLa Garonne ; _v17 |
|
| 830 | 0 |
_aLa Garonne ; _v17 _9191700 |
|
| 852 |
_aES-MaACL _jA-12600 _9188818 _bR.148635 _cDEPO1 _dOlim: N-5603 _xDonación: Carmen Plaza |
||
| 903 |
_9145185 _aPlaza, Carmen _ednr |
||
| 942 |
_2udc _cMONOGRAFIA |
||
| 999 |
_c181910 _d181910 |
||